000 00892nam a22002297a 4500
008 240706b mp ||||| |||| 00| 0 mon d
020 _a978-99973-2-793-2
035 _a22854
040 _aBH0164090
_bmon
_cMN-UlNLM
_dMN-UlNLM
_erda
041 _amon
042 _a98746
084 _2NNA
_a84/2орос/
_bЛ.59
100 _aЛиндгрен А
245 0 _aРасмус Тэнүүлч хоёр
264 _aУлаанбаатар
_bМөнхийн үсэг ХХК
_c2017
300 _a216х.
336 _2rdacontent
_atext
_btxt
337 _2rdamedia
_aunmediated
_bn
338 _2rdacarrier
_avolume
_bnc
650 _aӨнчин хүү Расмус, тэнүүлч эр Оскар хоёртой хамт гайхалтай, хөгжилтэй, адал явдлаар дүүрэн ертөнцөөр хамтдаа аялж, тэдний сэтгэл ...
942 _2NNA
_cBK
999 _c1120725
_d1120782